Football Quiz par lettre - R - Statistiques

Statistiques générales
  • Ce quiz a été pris 956 fois
  • Le résultat moyen est 14 sur 20
Statistiques - réponses
Hint Réponse % Correct
Joueur ayant mis un doublé en finale de Coupe du Monde en 2002 Ronaldo
99%
Club le plus titré en ligue des Champions Real Madrid
98%
Harry Kane a .... son pénalty face à la France en quart de finale de la Coupe du Monde 2022 Raté
94%
Pays hôte de la Coupe du Monde 2018 Russie
92%
Rival de Boca Juniors River Plate
88%
Surnom de l'équipe d'Espagne Roja
86%
Un des meilleurs dribbleurs de l'histoire du football Ronaldinho
85%
Ennemi juré du Celtic Glasgow Rangers
82%
Ville italienne ayant deux clubs en première division Rome
81%
"Arbitre" en anglais Referee
71%
Joueur le plus capé de l'histoire du Real Madrid Raùl
69%
Expression donnée aux attaquants opportunistes, bien placés, au bon endroit et au bon moment dans la surface de réparation Renard des surfaces
63%
Stade où évolue le Stade Rennais Roazhon Park
61%
Ville de naissance de Lionel Messi Rosario
58%
Pays d'origine du Ballon d'Or 2003 République Tchèque
57%
Tir de volée acrobatique en extension, dos au but Retourné acrobatique
48%
Prénom du Ballon d'Or 2007 Ricardo
46%
Club français jouant à la Meinau RC Strasbourg
34%
Auteur du plus beau but de la Coupe du Monde 2022 Richarlison
34%
Nom du créateur de la Coupe du Monde Rimet
18%
Aucun quiz correspondant
Distribution des résultats
% des personnes avec chaque résultat
Percentile par nombre de réponses
Votre historique - résultats
Vous n’avez pas pris ce quiz